MARC details
| 000 -CABECERA |
| campo de control de longitud fija |
00953nam a2200229 a 4500 |
| 001 - NÚMERO DE CONTROL |
| campo de control |
000041412 |
| 005 - FECHA Y HORA DE LA ÚLTIMA TRANSACCIÓN |
| campo de control |
20201002034851.0 |
| 008 - DATOS DE LONGITUD FIJA--INFORMACIÓN GENERAL |
| campo de control de longitud fija |
131002s2003 sp 001 0 spa d |
| 020 ## - NÚMERO INTERNACIONAL ESTÁNDAR DEL LIBRO |
| Número Internacional Estándar del Libro |
8484831884 |
| 040 ## - FUENTE DE LA CATALOGACIÓN |
| Centro catalogador/agencia de origen |
DO-SdBNP |
| 100 1# - ENTRADA PRINCIPAL--NOMBRE DE PERSONA |
| Nombre de persona |
Torres, Alfonso de |
| 9 (RLIN) |
68072 |
| 245 10 - MENCIÓN DE TÍTULO |
| Título |
Ejercicios de Retórica / |
| Mención de responsabilidad, etc. |
Alfonso de Torres ; introducción, edición, crítica, traducción anotada, índices a cargo de Violeta Pérez Custodio ; prólogo de Luisa López Grigera. |
| 260 ## - PUBLICACIÓN, DISTRIBUCIÓN, ETC. |
| Lugar de publicación, distribución, etc. |
Madrid : |
| Nombre del editor, distribuidor, etc. |
Instituto de Estudios Hvmanisticos, |
| Fecha de publicación, distribución, etc. |
2003. |
| 300 ## - DESCRIPCIÓN FÍSICA |
| Extensión |
397 p. ; |
| Dimensiones |
24 cm. |
| 490 1# - MENCIÓN DE SERIE |
| Mención de serie |
xtos y estudios humanísticos |
| -- |
textos |
| Designación de volumen o secuencia |
9 |
| 500 ## - NOTA GENERAL |
| Nota general |
Incluye índice |
| 504 ## - NOTA DE BIBLIOGRAFÍA, ETC. |
| Nota de bibliografía, etc. |
Incluye referencias bibliográficas y notas al pie de las páginas. |
| 700 1# - PUNTO DE ACCESO ADICIONAL--NOMBRE DE PERSONA |
| Nombre de persona |
López Grigera, Luisa |
| Término indicativo de función/relación |
pról. |
| 9 (RLIN) |
68073 |
| 700 1# - PUNTO DE ACCESO ADICIONAL--NOMBRE DE PERSONA |
| Nombre de persona |
Pérez Custodio, Violeta |
| 9 (RLIN) |
68074 |
| 710 2# - PUNTO DE ACCESO ADICIONAL--NOMBRE DE ENTIDAD CORPORATIVA |
| Nombre de entidad corporativa o nombre de jurisdicción como elemento de entrada |
Instituto de Estudios Hvmanisticos, |
| 9 (RLIN) |
68075 |
| 830 #0 - PUNTO DE ACCESO ADICIONAL DE SERIE-TÍTULO UNIFORME |
| Título uniforme |
Textos y estudios humanísticos |
| Nombre de parte o sección de la obra |
textos |
| Designación de volumen o secuencia |
9 |
| 9 (RLIN) |
68076 |